[Event "BCF-chT4S 1920 (4NCL)"]
[Site "England"]
[Date "2020.02.08"]
[Round "5.32"]
[White "Adams, Mark"]
[Black "Thorpe, Thomas"]
[Result "1/2-1/2"]
[WhiteElo "1966"]
[BlackElo "2027"]
[PlyCount "45"]
[EventDate "2019.11.09"]
[EventType "team-swiss"]
[EventRounds "11"]
[EventCountry "ENG"]
[SourceTitle "EXT 2022"]
[Source "ChessBase"]
[SourceDate "2021.10.06"]
[SourceVersion "1"]
[SourceVersionDate "2021.10.06"]
[SourceQuality "1"]
[WhiteTeam "The Full Ponty"]
[BlackTeam "Fischer's Catch"]
[WhiteTeamCountry "WLS"]
[BlackTeamCountry "WLS"]

1. e4 c5 2. Nf3 Nc6 3. d4 cxd4 4. Nxd4 g6 5. c4 Bg7 6. Be3 Nf6 7. Nc3 d6 8. f3 0-0 9. Qd2 Nxd4 10. Bxd4 Be6 11. b3 Nd7 12. Be2 Bxd4 13. Qxd4 Ne5 14. 0-0 f5 15. f4 Nc6 16. Qe3 Qa5 17. Kh1 Qc5 18. Qd2 fxe4 19. Nxe4 Qd4 20. Rae1 Bf5 21. Qxd4 Nxd4 22. Ng3 Nxe2 23. Nxe2 1/2-1/2

[Event "Hastings Masters op 95th"]
[Site "Hastings"]
[Date "2020.01.03"]
[Round "7"]
[White "Keetman, Maaike"]
[Black "Thorpe, Thomas"]
[Result "1/2-1/2"]
[WhiteElo "2203"]
[BlackElo "1924"]
[PlyCount "101"]
[EventDate "2019.12.28"]
[EventType "swiss"]
[EventRounds "9"]
[EventCountry "ENG"]
[SourceTitle "CBM 194 Extra"]
[Source "ChessBase"]
[SourceDate "2020.03.31"]
[SourceVersion "1"]
[SourceVersionDate "2020.03.31"]
[SourceQuality "1"]

1. e4 c5 2. Nf3 Nc6 3. Bb5 e6 4. 0-0 Nge7 5. Re1 a6 6. Bf1 d5 7. d3 f6 8. exd5 Nxd5 9. d4 Be7 10. c3 0-0 11. Bd3 f5 12. dxc5 Bxc5 13. Ng5 Qf6 14. Qe2 h6 15. Nf3 Bd6 16. Bc4 Kh8 17. Bxd5 exd5 18. Be3 f4 19. Bb6 Bg4 20. Nbd2 Qg6 21. Kh1 Rae8 22. Qf1 Ne5 23. Nxe5 Bxe5 24. Bc5 Bd6 25. Bxd6 Qxd6 26. f3 Bf5 27. Qf2 d4 28. Nc4 Qd5 29. Qxd4 Qxd4 30. cxd4 Rxe1+ 31. Rxe1 Rd8 32. Rd1 Be6 33. b3 g5 34. Kg1 Kg7 35. Kf2 Kf6 36. Ke2 b5 37. Ne5 Bf5 38. Nc6 Rd6 39. Ne5 Rd8 40. Rd2 Ke6 41. Kd1 Rd6 42. Kc1 Kd5 43. Kb2 a5 44. Rd1 Bh7 45. Kc3 Rd8 46. Kb2 Rc8 47. Rd2 Bf5 48. a3 Rc7 49. g3 Rc8 50. Nf7 Rc6 51. Ne5 1/2-1/2

[Event "South Wales op 15th"]
[Site "Cardiff"]
[Date "2018.07.12"]
[Round "9"]
[White "Kett, Timothy"]
[Black "Thorpe, Thomas"]
[Result "1-0"]
[WhiteElo "2230"]
[BlackElo "1922"]
[PlyCount "49"]
[EventDate "2018.07.07"]
[EventType "swiss"]
[EventRounds "9"]
[EventCountry "WLS"]
[SourceTitle "EXT 2019"]
[Source "ChessBase"]
[SourceDate "2018.10.10"]
[SourceVersion "1"]
[SourceVersionDate "2018.10.10"]
[SourceQuality "1"]

1. d4 g6 2. e4 Bg7 3. Nc3 c6 4. Be3 d5 5. Qd2 dxe4 6. Nxe4 Nd7 7. 0-0-0 Ngf6 8. Ng5 h6 9. N5f3 Nb6 10. Ne5 Be6 11. Ngf3 Nfd5 12. c4 Nxe3 13. Qxe3 Qc8 14. Bd3 0-0 15. Rhe1 Bf5 16. Nh4 Bxd3 17. Qxd3 Qd8 18. f4 e6 19. Nhf3 Qf6 20. Qe3 Rad8 21. g4 Nd7 22. g5 Qe7 23. h4 h5 24. Kb1 b5 25. Nxc6 1-0

[Event "South Wales op 15th"]
[Site "Cardiff"]
[Date "2018.07.10"]
[Round "6"]
[White "Thorpe, Thomas"]
[Black "Chung, Ethan Cheung Jing"]
[Result "1-0"]
[WhiteElo "1922"]
[BlackElo "1446"]
[PlyCount "51"]
[EventDate "2018.07.07"]
[EventType "swiss"]
[EventRounds "9"]
[EventCountry "WLS"]
[SourceTitle "EXT 2019"]
[Source "ChessBase"]
[SourceDate "2018.10.10"]
[SourceVersion "1"]
[SourceVersionDate "2018.10.10"]
[SourceQuality "1"]

1. e4 e6 2. d4 d5 3. Nd2 dxe4 4. Nxe4 Nd7 5. Nf3 Ngf6 6. Nxf6+ Nxf6 7. Bd3 Bd6 8. 0-0 0-0 9. Bg5 b6 10. Qe2 Bb7 11. c3 Be7 12. Rfe1 Nh5 13. Bxe7 Qxe7 14. Qe3 Nf6 15. Ne5 Rab8 16. Qh3 h6 17. Re3 Nd5 18. Rg3 Kh8 19. Rg6 Nf6 20. Re1 Ng8 21. Re3 Qd6 22. Reg3 fxg6 23. Nxg6+ Kh7 24. Nxf8+ Kh8 25. Ng6+ Kh7 26. Ne5+ 1-0

[Event "South Wales op 15th"]
[Site "Cardiff"]
[Date "2018.07.09"]
[Round "4"]
[White "Thorpe, Thomas"]
[Black "Hurn, Robert AJ"]
[Result "1-0"]
[WhiteElo "1922"]
[BlackElo "1609"]
[PlyCount "81"]
[EventDate "2018.07.07"]
[EventType "swiss"]
[EventRounds "9"]
[EventCountry "WLS"]
[SourceTitle "EXT 2019"]
[Source "ChessBase"]
[SourceDate "2018.10.10"]
[SourceVersion "1"]
[SourceVersionDate "2018.10.10"]
[SourceQuality "1"]

1. e4 c5 2. Ne2 d6 3. Nbc3 g6 4. g3 Bg7 5. Bg2 Nc6 6. d3 Rb8 7. 0-0 b5 8. h3 b4 9. Nd5 e6 10. Ne3 Nge7 11. f4 0-0 12. g4 f5 13. Ng3 a5 14. Qe1 Nd4 15. c3 bxc3 16. bxc3 Nb5 17. Bd2 a4 18. exf5 exf5 19. gxf5 Nxf5 20. Nexf5 Bxf5 21. Nxf5 Rxf5 22. Rb1 Nc7 23. Qe4 d5 24. Qxa4 Ra8 25. Qb3 Kh8 26. Be3 Ne6 27. Rf2 Rc8 28. Qb6 Qd7 29. Bd2 Bh6 30. Rbf1 Rcf8 31. a4 Bxf4 32. Bxf4 Nxf4 33. Rxf4 Rxf4 34. Rxf4 Rxf4 35. Qb8+ Kg7 36. Qxf4 Qe7 37. Qf2 Qd6 38. Qe3 d4 39. cxd4 cxd4 40. Qe4 Qb4 41. Qb7+ 1-0

[Event "South Wales op 15th"]
[Site "Cardiff"]
[Date "2018.07.08"]
[Round "3"]
[White "Wilson, Matthew R"]
[Black "Thorpe, Thomas"]
[Result "1-0"]
[WhiteElo "1816"]
[BlackElo "1922"]
[PlyCount "77"]
[EventDate "2018.07.07"]
[EventType "swiss"]
[EventRounds "9"]
[EventCountry "WLS"]
[SourceTitle "EXT 2019"]
[Source "ChessBase"]
[SourceDate "2018.10.10"]
[SourceVersion "1"]
[SourceVersionDate "2018.10.10"]
[SourceQuality "1"]

1. Nf3 f5 2. b3 Nf6 3. Bb2 e6 4. e3 Be7 5. d4 0-0 6. Bd3 b6 7. Nbd2 Bb7 8. 0-0 Qe8 9. c4 d6 10. Qc2 Nbd7 11. e4 fxe4 12. Nxe4 Qh5 13. Nfg5 Ng4 14. Nh3 Rf7 15. Rae1 Raf8 16. Ng3 Qh4 17. Re2 Bg5 18. Be4 d5 19. Bxh7+ Kh8 20. Bg6 Rf6 21. Bh5 Nh6 22. Nxg5 Qxg5 23. Bf3 Nf5 24. cxd5 exd5 25. Rfe1 Nh4 26. Qxc7 Rxf3 27. Qxd7 Bc8 28. Qe7 Qxe7 29. Rxe7 Rxf2 30. R1e2 Rxe2 31. Nxe2 a6 32. Re5 Nf5 33. Rxd5 Ne3 34. Rh5+ Kg8 35. Ng3 Bb7 36. d5 Nxd5 37. Rg5 Rf7 38. Nf5 Nf4 39. Nh6+ 1-0

[Event "South Wales op 15th"]
[Site "Cardiff"]
[Date "2018.07.07"]
[Round "1"]
[White "Korneev, Oleg"]
[Black "Thorpe, Thomas"]
[Result "1-0"]
[WhiteElo "2506"]
[BlackElo "1922"]
[PlyCount "135"]
[EventDate "2018.07.07"]
[EventType "swiss"]
[EventRounds "9"]
[EventCountry "WLS"]
[SourceTitle "EXT 2019"]
[Source "ChessBase"]
[SourceDate "2018.10.10"]
[SourceVersion "1"]
[SourceVersionDate "2018.10.10"]
[SourceQuality "1"]

1. e4 c5 2. Nf3 Nc6 3. d4 cxd4 4. Nxd4 g6 5. c4 Bg7 6. Be3 Nf6 7. Nc3 d6 8. Be2 0-0 9. 0-0 Nxd4 10. Bxd4 Bd7 11. Qd2 Bc6 12. f3 a5 13. b3 Nd7 14. Bf2 Nc5 15. Rab1 Qb6 16. a3 Qc7 17. Bd1 Rfc8 18. b4 axb4 19. axb4 Na4 20. Bxa4 Bxc3 21. Qxc3 Bxa4 22. Rfc1 Bb5 23. c5 dxc5 24. bxc5 Bc6 25. Be3 e5 26. Rd1 Qe7 27. Rd3 Rd8 28. Rbd1 Rxd3 29. Qxd3 f6 30. h3 Kg7 31. Kh2 Rc8 32. Qd2 g5 33. h4 h6 34. g4 Rc7 35. Rh1 Rd7 36. Qe2 Rd8 37. Kg3 Rh8 38. Qh2 Qd8 39. Qc2 Qe7 40. Qe2 Qc7 41. Qf1 Qf7 42. Rh2 Qb3 43. Qc1 Qe6 44. Rd2 Qe7 45. Qd1 Ra8 46. Rd6 Rh8 47. Qd2 Ra8 48. Qh2 Rh8 49. Bd2 Rh7 50. Ba5 Rh8 51. Qd2 Rf8 52. Bd8 Qe8 53. hxg5 hxg5 54. Bxf6+ Rxf6 55. Qxg5+ Rg6 56. Rxg6+ Qxg6 57. Qxe5+ Kg8 58. g5 Bd7 59. Qe7 Be6 60. Kf4 Qf7+ 61. Qxf7+ Kxf7 62. Ke5 Bd7 63. f4 Bc6 64. f5 Ke7 65. Kf4 Be8 66. e5 Bh5 67. e6 Bd1 68. Ke5 1-0

[Event "South Wales op 12th"]
[Site "Cardiff"]
[Date "2015.07.16"]
[Round "9"]
[White "Robertson, Jim"]
[Black "Thorpe, Thomas"]
[Result "0-1"]
[WhiteElo "1673"]
[BlackElo "1859"]
[PlyCount "64"]
[EventDate "2015.07.11"]
[EventType "swiss"]
[EventRounds "10"]
[EventCountry "WLS"]
[SourceTitle "EXT 2016"]
[Source "ChessBase"]
[SourceDate "2015.10.08"]
[SourceVersion "1"]
[SourceVersionDate "2015.10.08"]
[SourceQuality "1"]

1. d4 g6 2. e3 Bg7 3. f4 d6 4. Nf3 Nf6 5. Bc4 0-0 6. 0-0 Bf5 7. c3 Nbd7 8. Bd3 Bxd3 9. Qxd3 e5 10. e4 Re8 11. fxe5 dxe5 12. Bg5 exd4 13. Qb5 dxc3 14. Nxc3 Qc8 15. Rae1 c6 16. Qc4 Nb6 17. Qd3 Qd7 18. Qe2 Nbd5 19. Qc4 Nxc3 20. bxc3 b5 21. Qb4 a5 22. Qb1 h6 23. Bxf6 Bxf6 24. e5 Bg7 25. Rd1 Qa7+ 26. Rd4 Bxe5 27. Nxe5 Rxe5 28. Qc1 Rd8 29. Qf4 Red5 30. Qxh6 Rxd4 31. cxd4 Qxd4+ 32. Kh1 Qc4 0-1

[Event "South Wales op 12th"]
[Site "Cardiff"]
[Date "2015.07.15"]
[Round "7"]
[White "Rysbayeva, Aigerim"]
[Black "Thorpe, Thomas"]
[Result "1-0"]
[WhiteElo "2142"]
[BlackElo "1859"]
[PlyCount "117"]
[EventDate "2015.07.11"]
[EventType "swiss"]
[EventRounds "10"]
[EventCountry "WLS"]
[SourceTitle "EXT 2016"]
[Source "ChessBase"]
[SourceDate "2015.10.08"]
[SourceVersion "1"]
[SourceVersionDate "2015.10.08"]
[SourceQuality "1"]

1. e4 c5 2. Nf3 Nc6 3. d4 cxd4 4. Nxd4 g6 5. Nc3 Bg7 6. Nb3 Nf6 7. Be2 d6 8. 0-0 0-0 9. Bg5 Bd7 10. f4 Rc8 11. Kh1 a6 12. a4 Qc7 13. Nd5 Nxd5 14. exd5 Nb8 15. c3 Rfe8 16. Bd3 b5 17. axb5 Bxb5 18. Re1 Qb7 19. Bxb5 axb5 20. Qd2 Rc7 21. Ra5 Qb6 22. Bh4 Rb7 23. Bf2 Qc7 24. Ra8 Qd7 25. Na5 Rc7 26. Bb6 Rcc8 27. Ra7 Qf5 28. Raxe7 Rxe7 29. Rxe7 Nd7 30. Bg1 Bh6 31. Qe2 Bxf4 32. Qxb5 Nc5 33. Nb3 Qxd5 34. Re8+ Rxe8 35. Qxe8+ Kg7 36. Bd4+ Be5 37. Nxc5 Bxd4 38. Nd7 Kh6 39. cxd4 Qf5 40. Qe3+ Kg7 41. Nb6 Qb1+ 42. Qg1 Qxb2 43. d5 Qc3 44. h3 f6 45. Qf1 Qe3 46. Nc4 Qg3 47. Qe2 Qf4 48. Qe7+ Kg8 49. Ne3 h5 50. Kg1 Qd4 51. Kf2 Qf4+ 52. Ke2 Kh8 53. Kd3 Kg8 54. Qe4 Qg3 55. Qe8+ Kg7 56. Qe7+ Kh6 57. Qxf6 Kh7 58. Ke4 Kg8 59. Qf4 1-0

[Event "South Wales op 12th"]
[Site "Cardiff"]
[Date "2015.07.14"]
[Round "6"]
[White "Thorpe, Thomas"]
[Black "Davis, Lee"]
[Result "1-0"]
[WhiteElo "1859"]
[BlackElo "1995"]
[PlyCount "43"]
[EventDate "2015.07.11"]
[EventType "swiss"]
[EventRounds "10"]
[EventCountry "WLS"]
[SourceTitle "EXT 2016"]
[Source "ChessBase"]
[SourceDate "2015.10.08"]
[SourceVersion "1"]
[SourceVersionDate "2015.10.08"]
[SourceQuality "1"]

1. e4 g6 2. Nc3 Bg7 3. f4 c6 4. Nf3 d5 5. e5 Bg4 6. d4 h5 7. Be2 Nh6 8. Be3 e6 9. Qd2 Nd7 10. Bf2 Bxf3 11. Bxf3 Qe7 12. Ne2 Nf5 13. g3 c5 14. c3 Rc8 15. dxc5 Nxc5 16. Nd4 a6 17. Qe2 Nxd4 18. Bxd4 b5 19. Kf2 g5 20. f5 exf5 21. Bxd5 Bxe5 22. Bxe5 1-0

[Event "WLS-ch 61st"]
[Site "Cardiff"]
[Date "2015.04.06"]
[Round "7"]
[White "James, Dai"]
[Black "Thorpe, Thomas"]
[Result "1/2-1/2"]
[WhiteElo "1921"]
[BlackElo "1869"]
[PlyCount "60"]
[EventDate "2015.04.03"]
[EventType "swiss"]
[EventRounds "7"]
[EventCountry "WLS"]
[SourceTitle "CBM 165 Extra"]
[Source "ChessBase"]
[SourceDate "2015.04.21"]
[SourceVersion "1"]
[SourceVersionDate "2015.04.21"]
[SourceQuality "1"]

1. e4 c5 2. Nc3 Nc6 3. f4 e6 4. Nf3 Nge7 5. d3 d5 6. e5 Nf5 7. g3 Be7 8. Bh3 Ncd4 9. 0-0 Bd7 10. Ne2 Nxf3+ 11. Rxf3 g6 12. c3 h5 13. d4 Bb5 14. Bxf5 gxf5 15. Be3 Bxe2 16. Qxe2 c4 17. b3 b5 18. Rff1 h4 19. a4 hxg3 20. hxg3 bxa4 21. bxc4 Qa5 22. c5 Rb8 23. Rfb1 Kd7 24. Qa2 a3 25. Rb3 Rxb3 26. Qxb3 Qa6 27. Rxa3 Rh1+ 28. Kxh1 Qf1+ 29. Kh2 Qe2+ 30. Kh3 Qf1+ 1/2-1/2

[Event "WLS-ch 61st"]
[Site "Cardiff"]
[Date "2015.04.04"]
[Round "4"]
[White "Thorpe, Thomas"]
[Black "Ralphs, Nigel"]
[Result "0-1"]
[WhiteElo "1869"]
[BlackElo "1928"]
[PlyCount "64"]
[EventDate "2015.04.03"]
[EventType "swiss"]
[EventRounds "7"]
[EventCountry "WLS"]
[SourceTitle "CBM 165 Extra"]
[Source "ChessBase"]
[SourceDate "2015.04.21"]
[SourceVersion "1"]
[SourceVersionDate "2015.04.21"]
[SourceQuality "1"]

1. e4 e5 2. f4 exf4 3. Nf3 g5 4. Bc4 Bg7 5. h4 h6 6. d4 Nc6 7. c3 d6 8. Qd3 Qf6 9. d5 Ne5 10. Nxe5 Qxe5 11. Nd2 Nf6 12. hxg5 hxg5 13. Rxh8+ Bxh8 14. Bb5+ Bd7 15. Bxd7+ Nxd7 16. Nf3 Qe7 17. Bd2 0-0-0 18. 0-0-0 Nc5 19. Qc2 Nxe4 20. Re1 f5 21. g4 fxg3 22. Bxg5 Bf6 23. Bf4 Qg7 24. Qe2 Qg4 25. Be3 Kb8 26. Bg1 Ng5 27. Qe3 Nxf3 28. Qxa7+ Kc8 29. Re6 Bg5+ 30. Kc2 Ne5 31. Qa8+ Kd7 32. Qxb7 Qa4+ 0-1

[Event "BCF-ch U180"]
[Site "Aberystwyth"]
[Date "2014.07.24"]
[Round "4"]
[White "Thorpe, Thomas"]
[Black "Slinger, Tony J"]
[Result "1/2-1/2"]
[WhiteElo "172"]
[BlackElo "169"]
[PlyCount "49"]
[EventDate "2014.07.21"]
[EventType "swiss"]
[EventRounds "5"]
[EventCountry "WLS"]
[SourceTitle "EXT 2017"]
[Source "ChessBase"]
[SourceDate "2016.10.25"]
[SourceVersion "1"]
[SourceVersionDate "2016.10.25"]
[SourceQuality "1"]

1. f4 g6 2. e4 d5 3. e5 Nh6 4. Nf3 Bg7 5. d4 0-0 6. Bd3 Bf5 7. 0-0 e6 8. Be3 c6 9. Bxf5 Nxf5 10. Bf2 Qb6 11. b3 Nd7 12. Nc3 Qa5 13. Ne2 c5 14. c3 cxd4 15. cxd4 Rfc8 16. g4 Nh6 17. h3 Rc6 18. Ng3 Rac8 19. Nh4 Rc2 20. Be1 Qa3 21. f5 Qb2 22. Rb1 Rc1 23. Qxc1 Qxc1 24. Rxc1 Rxc1 25. Bb4 1/2-1/2

[Event "BCF-ch U180"]
[Site "Aberystwyth"]
[Date "2014.07.22"]
[Round "2"]
[White "Thorpe, Thomas"]
[Black "Ribbands, Patrick C"]
[Result "1-0"]
[WhiteElo "172"]
[BlackElo "147"]
[PlyCount "37"]
[EventDate "2014.07.21"]
[EventType "swiss"]
[EventRounds "5"]
[EventCountry "WLS"]
[SourceTitle "EXT 2017"]
[Source "ChessBase"]
[SourceDate "2016.10.25"]
[SourceVersion "1"]
[SourceVersionDate "2016.10.25"]
[SourceQuality "1"]

1. d4 g6 2. e4 Bg7 3. h4 h5 4. Nf3 d6 5. Nc3 Bg4 6. Be2 Nd7 7. Be3 e5 8. Qd2 exd4 9. Nxd4 Bxe2 10. Qxe2 Nc5 11. 0-0-0 Qd7 12. f3 0-0-0 13. Ndb5 Bxc3 14. Nxc3 Qe7 15. Nd5 Qe6 16. Bd4 f6 17. Qc4 Rh7 18. Bxc5 dxc5 19. Nb6+ 1-0

[Event "WLS-ch 60th"]
[Site "Cardiff"]
[Date "2014.04.21"]
[Round "6"]
[White "Thorpe, Thomas"]
[Black "Guy, David T"]
[Result "1-0"]
[WhiteElo "1894"]
[BlackElo "1950"]
[PlyCount "41"]
[EventDate "2014.04.18"]
[EventType "swiss"]
[EventRounds "7"]
[EventCountry "WLS"]
[SourceTitle "CBM 160 Extra"]
[Source "ChessBase"]
[SourceDate "2014.07.01"]
[SourceVersion "1"]
[SourceVersionDate "2014.07.01"]
[SourceQuality "1"]

1. e4 e5 2. f4 exf4 3. Nf3 d6 4. d4 g5 5. Bc4 Nc6 6. 0-0 Bg7 7. c3 h6 8. g3 g4 9. Bxf4 gxf3 10. Qxf3 Nf6 11. e5 Bg4 12. Qg2 dxe5 13. dxe5 Nxe5 14. Bxe5 0-0 15. Nd2 c6 16. Ne4 Nxe4 17. Qxe4 Qg5 18. Bd6 Bh3 19. Rf2 Rfc8 20. Rxf7 Re8 21. Rf8# 1-0

[Event "WLS-ch 60th"]
[Site "Cardiff"]
[Date "2014.04.19"]
[Round "3"]
[White "Pleasants, Allan J"]
[Black "Thorpe, Thomas"]
[Result "1-0"]
[WhiteElo "2045"]
[BlackElo "1894"]
[PlyCount "89"]
[EventDate "2014.04.18"]
[EventType "swiss"]
[EventRounds "7"]
[EventCountry "WLS"]
[SourceTitle "CBM 160 Extra"]
[Source "ChessBase"]
[SourceDate "2014.07.01"]
[SourceVersion "1"]
[SourceVersionDate "2014.07.01"]
[SourceQuality "1"]

1. e4 c5 2. Nf3 Nc6 3. Bb5 g6 4. Bxc6 dxc6 5. d3 Bg7 6. h3 e5 7. Nc3 Ne7 8. Be3 b6 9. Qd2 h6 10. g4 Be6 11. Ne2 Qc7 12. Qc3 0-0-0 13. a3 Rhf8 14. Nd2 f5 15. f3 fxe4 16. fxe4 g5 17. Ng3 Nd5 18. Qc4 Nf4 19. Qa6+ Kb8 20. b4 Ng2+ 21. Ke2 Nxe3 22. Kxe3 Qd6 23. Ne2 cxb4 24. axb4 Rd7 25. Rhb1 h5 26. Nc4 Qc7 27. Rg1 hxg4 28. hxg4 Rdf7 29. Kd2 Bc8 30. Qa3 Be6 31. Ne3 Rd8 32. Nf5 Bf8 33. Qb2 Rfd7 34. Ra4 c5 35. bxc5 Bxc5 36. Rga1 Bxf5 37. gxf5 Bd4 38. Nxd4 Rxd4 39. Rxa7 Qxa7 40. Rxa7 Kxa7 41. Qa3+ Kb8 42. Qe7 R4d7 43. Qxg5 Rh8 44. Qg3 Re8 45. Qg6 1-0

[Event "WLS-ch 60th"]
[Site "Cardiff"]
[Date "2014.04.18"]
[Round "2"]
[White "Thorpe, Thomas"]
[Black "Roberts, David Llewelyn"]
[Result "1/2-1/2"]
[WhiteElo "1894"]
[BlackElo "2041"]
[PlyCount "47"]
[EventDate "2014.04.18"]
[EventType "swiss"]
[EventRounds "7"]
[EventCountry "WLS"]
[SourceTitle "CBM 160 Extra"]
[Source "ChessBase"]
[SourceDate "2014.07.01"]
[SourceVersion "1"]
[SourceVersionDate "2014.07.01"]
[SourceQuality "1"]

1. Nc3 d5 2. e4 dxe4 3. Nxe4 Nd7 4. d4 Ndf6 5. Ng3 e6 6. Nf3 c5 7. Bd3 cxd4 8. Nxd4 Bd6 9. 0-0 Ne7 10. Nb5 Bb8 11. Nh5 Nxh5 12. Qxh5 Qd5 13. Qh4 Nf5 14. Qb4 a5 15. Qa3 Bd7 16. c4 Qe5 17. f4 Qf6 18. Bxf5 Bxb5 19. Bxe6 Qxe6 20. cxb5 Bd6 21. Qf3 0-0 22. Bd2 b6 23. f5 Qe5 24. Bf4 1/2-1/2

[Event "Wch U18"]
[Site "Al Ain"]
[Date "2013.12.19"]
[Round "2"]
[White "Thorpe, Thomas"]
[Black "Klabis, Rokas"]
[Result "0-1"]
[WhiteElo "1897"]
[BlackElo "2239"]
[PlyCount "88"]
[EventDate "2013.12.18"]
[EventType "swiss"]
[EventRounds "11"]
[EventCountry "UAE"]
[SourceTitle "CBM 158 Extra"]
[Source "ChessBase"]
[SourceDate "2014.02.28"]
[SourceVersion "1"]
[SourceVersionDate "2014.02.28"]
[SourceQuality "1"]

1. e4 d6 2. Nc3 Nf6 3. f4 e5 4. Nf3 Nbd7 5. Bc4 Be7 6. 0-0 0-0 7. d3 c6 8. Kh1 b5 9. Bb3 Qc7 10. Ne2 Nc5 11. Ng3 a5 12. c3 Nxb3 13. axb3 c5 14. h3 Re8 15. f5 d5 16. Bg5 Bb7 17. Bxf6 Bxf6 18. Qe2 Qb6 19. Nh5 c4 20. bxc4 bxc4 21. dxc4 dxe4 22. Nd2 e3 23. c5 Qxc5 24. Qg4 Kf8 25. Nxg7 Bxg7 26. f6 Bh8 27. Qg5 Re6 28. Qh6+ Ke8 29. Qxh7 Bxf6 30. Ne4 Qc6 31. Nxf6+ Rxf6 32. Qg8+ Ke7 33. Qg5 Qe6 34. Rae1 Rh8 35. Rxe3 Rxh3+ 36. Rxh3 Qxh3+ 37. Kg1 Qxg2+ 38. Qxg2 Bxg2 39. Re1 Rf1+ 40. Rxf1 Bxf1 41. Kxf1 Kd6 42. Ke2 Kc5 43. b3 f5 44. Ke3 Kb5 0-1

[Event "British-ch 5-day op AM Week 1"]
[Site "Torquay"]
[Date "2013.08.02"]
[Round "5.17"]
[White "Blair, Jimmy"]
[Black "Thorpe, Thomas"]
[Result "0-1"]
[WhiteElo "1500"]
[BlackElo "1875"]
[PlyCount "76"]
[EventDate "2013.07.29"]
[EventType "swiss"]
[EventRounds "5"]
[EventCountry "ENG"]
[SourceTitle "EXT 2023"]
[Source "ChessBase"]
[SourceDate "2022.10.05"]
[SourceVersion "1"]
[SourceVersionDate "2022.10.05"]
[SourceQuality "1"]

1. e4 g6 2. Nf3 Bg7 3. Nc3 c5 4. Bc4 Nc6 5. 0-0 Nf6 6. h3 d6 7. Bb5 0-0 8. Bxc6 bxc6 9. d4 cxd4 10. Nxd4 Bb7 11. Be3 c5 12. Nf3 Nxe4 13. Nxe4 Bxe4 14. c3 Rb8 15. Ng5 Bc6 16. Qc2 h6 17. Ne4 Bxe4 18. Qxe4 Rxb2 19. Qd3 Qa5 20. a3 Qxc3 21. Qxc3 Bxc3 22. Bxh6 Rfb8 23. Bg5 Re2 24. Rad1 Rbb2 25. Rb1 f6 26. Rxb2 Rxb2 27. Be3 Kf7 28. Rc1 Bd2 29. Bxd2 Rxd2 30. Rc4 Rd4 31. Rc3 c4 32. a4 d5 33. a5 Rd1+ 34. Kh2 Ra1 35. g4 g5 36. Kg3 Rxa5 37. f4 Rb5 38. f5 Rb3 0-1